El desarrollismo y el problema agrario durante las décadas de 1950 y 1960 /
Gardado en:
| Autor Principal: | |
|---|---|
| Formato: | Texto |
| Etiquetas: |
Engadir etiqueta
Sen Etiquetas, Sexa o primeiro en etiquetar este rexistro!
|
MARC
| LEADER | 00000 a a2200000 04500 | ||
|---|---|---|---|
| 001 | 47056 | ||
| 003 | |||
| 040 | |||
| 100 | |a Lázzaro, Silvia B. | ||
| 245 | |a El desarrollismo y el problema agrario durante las décadas de 1950 y 1960 / |c Silvia B. Lázzaro | ||
| 773 | |g número84, (2012), páginas 127-160 | ||
| 999 | |c 37398 |d 37398 | ||
